000 00410nam a2200181Ia 4500
001 1117
005 20260306140608.0
008 260306t1965||||xx |||||||||||||| ||spa||
041 _aESP
082 _a183.1
_bP87
100 _aProtágoras
_eAUT
245 0 _aFragmentos y testimonios
260 _c1965
300 _a125 páginas :
_c15 cm.
650 _aGEN
654 _aCHU
942 _cLIB
_dJUS
_fJUS
_2ddc
_n
999 _c1117
_d1117